000 01981nam a22002297a 4500
999 _c63653
_d63653
003 Ge_BSU
005 20251124151051.0
008 251124s2025 ge ||||| |||| 00| 0 geo d
020 _a9789941519031
041 _ageo
080 _a697.1(075.8) შ-49
245 _aშენობის გათბობისა და ვენტილაციის პროექტირების საფუძვლები :
_bდამხმარე სახელმძღვანელო პროექტის დაგეგმარებისათვის სამოქალაქო შენობის გათბობა და ვენტილაციაში /
_cავტორები : ზურაბ მეგრელიშვილი, გიზო ფარცხალაძე, კონსტანტინე მეგრელიშვილი, ბორის ხუციშვილი; რედ.გ. ყიფიანი; ბათუმის შოთა რუსთაველის სახ. უნივერსიტეტი. ტექნოლოგიური ფაკულტეტი
264 _aბათუმი :
_bბსუ,
_c2025.
300 _a117 გვ.
_bცხრ.,
_c+18 პროეტი
700 _aმეგრელიშვილი, ზურაბ
_eავტორი
_912651
700 _aფარცხალაძე, გიზო
_eავტორი
_91753
700 _aმეგრელიშვილი, კონსტანტინე
_eავტორი
_911654
700 _aხუციშვილი, ბორის
_eავტორი
_926307
700 _a ყიფიანი, გ.
_eრედაქტორი
_926308
710 _aბათუმის შოთა რუსთაველის სახ. უნივერსიტეტი
_bტექნოლოგიური ფაკულტეტი
_926309
942 _2udc
_cᲬᲘᲒᲜᲘ